000 00672nam a22001937a 4500
005 20251108165041.0
008 250721s2005 xx 000 0 ara d
082 1 4 _a612.64/حمو
100 1 _aالحمود، محمد حسن
_eمؤلف
245 1 0 _aعلم الأجنة الطبي الإباضة - الإنغراس - الأغشية الجنينية المشيمة - التشوهات الخلقية /
264 1 _aعمان :
_bالأهلية،
_c2005.
300 _a348ص.
650 1 7 _aعلم الاجنه
650 1 7 _aالتناسل
650 1 7 _aالتطور البيولوجي
700 1 _aيوسف، وليد حميد
942 _2ddc
_cBK
999 _c20902
_d20902